000
00371nam a2200133Ia 4500
008
151001s9999||||xx |||||||||||||| ||und||
100
_a
जयद्याल गोयन्द्का
245
_a
कर्मयोगका तत्व
250
_a
1
260
_b
गिता एजन्सी
260
_c
1994
300
_a
185
365
_b
21
999
_c
971091
_d
971088